|
|
|
|
| LEADER |
00830nab a2200217 i 4500 |
| 001 |
acta84587 |
| 005 |
20240318124310.0 |
| 008 |
240318s2023 hu o 0|| hun d |
| 022 |
|
|
|a 0237-7934
|
| 024 |
7 |
|
|a 10.14232/aetas.2023.4.150-172
|2 doi
|
| 040 |
|
|
|a SZTE Egyetemi Kiadványok Repozitórium
|b hun
|
| 041 |
|
|
|a hun
|
| 100 |
1 |
|
|a Szabados János
|
| 245 |
1 |
2 |
|a A 17. század első felének Habsburg-oszmán diplomáciája
|h [elektronikus dokumentum] :
|b források és lehetséges kutatási irányok /
|c Szabados János
|
| 260 |
|
|
|c 2023
|
| 300 |
|
|
|a 150-172
|
| 490 |
0 |
|
|a Aetas
|v 38 No. 4
|
| 650 |
|
4 |
|a Bölcsészettudományok
|
| 650 |
|
4 |
|a Történettudomány és régészet
|
| 695 |
|
|
|a Diplomáciatörténet - Habsburg-oszmán - 17. sz.
|
| 856 |
4 |
0 |
|u http://acta.bibl.u-szeged.hu/84587/1/aetas_2023_004_150-172.pdf
|z Dokumentum-elérés
|